000 00874nam a2200253 a 4500
001 68367
003 BD-RjUL
005 20211209081748.0
008 170402s1978 ru a b 000 0 eng d
035 _a(BD-RjUL)68577
040 _aDLC
_cDLC
_dDLC
_d(BD-RjUL)
_beng
041 1 _aengrus
082 0 0 _223
_a359.071047
_bMAN 1978
245 0 0 _aMan and sea warfare :
_b(the training of Soviet navy personnel) /
_c[translated by Yuri Sviridov]
260 _aMoscow :
_bProgress Publishers,
_c1978.
300 _a225 p. :
_bill. ;
_c17 cm.
504 _aIncludes bibliographical references.
610 1 0 _aSoviet Union.
_bVoenno-Morskoĭ Flot
_9205542
650 0 _aNaval education
_zSoviet Union.
_9202689
650 0 _aSoldiers
_xEducation, Non-military
_zSoviet Union.
_9202690
650 0 _aPsychology, Military.
_9202691
700 _aSviridov, Yuri
_9202692
942 _2ddc
_cBK
999 _c68367
_d68367